Countries With The Most Orthodox Christians - Statistics

General Stats
  • This quiz has been taken 53 times
  • The average score is 29 of 35
Answer Stats
People % Country % Correct
101 mil 70.1 Russia
100%
9,8 mil 95.1 Greece
98%
16,1 mil 84.7 Romania
98%
30,5 mil 81.8 Ukraine
98%
301,000 0.4 United Kingdom
98%
6,3 mil 94.2 Bulgaria
93%
148,500 11.1 Estonia
93%
368,900 19.2 Latvia
93%
2,2 mil 88.0 Moldova
93%
6,4 mil 90.1 Serbia
93%
2,8 mil 0.8 United States
93%
1,1 mil 1.3 Germany
91%
295,000 10.3 Lithuania
91%
1,4 mil 67.3 North Macedonia
91%
705,000 0.6 France
89%
1,2 mil 37.5 Bosnia and Herzegovina
87%
196,000 5.1 Croatia
87%
5,5 mil 58.5 Belarus
84%
337,000 0.2 Brazil
84%
551,000 1.4 Canada
84%
3,5 mil 93.3 Georgia
84%
600,000 1.6 Poland
84%
392,000 0.8 Spain
84%
556,200 19.9 Albania
82%
980,000 1.6 Italy
82%
443,000 71.5 Montenegro
82%
188,700 0.7 Australia
78%
180,000 2.0 Austria
76%
157,500 1.5 Sweden
76%
89,000 0.5 Netherlands
69%
150,000 1.7 Switzerland
67%
216,500 0.4 Argentina
64%
122,300 1.0 Belgium
64%
95,000 0.5 Chile
53%
115,000 0.2 South Africa
33%
No matching quizzes found
Score Distribution
Percent of People with Each Score
Percentile by Number Answered
Your Score History
You have not taken this quiz